000 01434nam a2200229 a 4500
001 000009063
005 20250204092150.0
008 090925s1977 dr r 000 p spa d
040 _aDO-SdBNP
_bspa
_cBNPHU
082 _aRD861.08
_bC569m
245 0 3 _aUn ciento de los mejores sonetos dominicanos /
_cJulio Jaime Julia ; prólogo Virgilio Hoepelman.
260 _aSanto Domingo :
_bTaller,
_c1977.
300 _a2v. ;
_c23 cm.
505 2 _gv.1
_tMención de honor --
_tAdvertencia --
_tPrólogo en dos etapas I --
_rPorfirio Herrera --
_rJosé Audilio Santana --
_rFederico Bermúdez --
_rOsvaldo Bazil --
_rEmilio A. Morel --
_rVirgilio Martínez Reina --
_rBaldemaro Rijo --
_rRamón Emilio Jiménez --
_rVíctor Garrido --
_rPrimitivo Herrera --
_rJulio A. Piñeyro --
_rRafael Emilio Santana --
_gv. 2
_tPrólogo en dos etapas II --
_rJuan Goico Alix --
_rFurcy J. Pichardo --
_rTirso A. Valdéz --
_rFéliz Servio Ducoudray --
_rRicardo Pérez Alfonseca --
_rJuan Bautista Lamarche --
_rEmilio García Godoy --
_rVigilio Díaz Ordóñez --
_rJulio B. de Windt Lavandier --
_rManuel E. Suncar Chevalier --
_rJulio A. Cuello --
_rAntonio Valdéz H.
590 _aInventariado, 2018/BT
650 4 _aSonetos dominicanos
_910208
650 0 _aPoesía dominicana
_966
650 0 _aLiteratura dominicana.
_967
700 1 _aJulia, Julio Jaime
_d1922-1993
_920185
700 1 2 _aHoepelman, Virgilio,
_epról.
_911257
910 _aValidado. Control de calidad. MFF
999 _c8827
_d8827